Funkcie kopula a ich využitie pri rekonštrukcii združených rozdelení
Problematika rekonštrukcie združených rozdelení pravdepodobnosti na základe znalosti marginálnych rozdelení. Zavádza pojem funkcie kopula ako aj konkrétne príklady kopúl často využívaných v aplikáciách a ilustrovanie možnosti vyžitia vybraných kopúl pre potreby simulácie viacrozmerných rozdelení. Ap...
Salvato in:
| Autore principale: | |
|---|---|
| Natura: | Capitolo di libro |
| Lingua: | slovacco |
| Soggetti: | |
| Tags: |
Nessun Tag, puoi essere il primo ad aggiungerne!!
|
MARC
| LEADER | 00000nla$a2200000$$$4500 | ||
|---|---|---|---|
| 001 | 0070327 | ||
| 005 | 20220511134614.7 | ||
| 041 | 0 | |a slo | |
| 044 | |a SK | ||
| 245 | 1 | 0 | |a Funkcie kopula a ich využitie pri rekonštrukcii združených rozdelení |c Aleš Kozubík |
| 520 | |a Problematika rekonštrukcie združených rozdelení pravdepodobnosti na základe znalosti marginálnych rozdelení. Zavádza pojem funkcie kopula ako aj konkrétne príklady kopúl často využívaných v aplikáciách a ilustrovanie možnosti vyžitia vybraných kopúl pre potreby simulácie viacrozmerných rozdelení. Aplikácia kopúl pre určenie združenej pravdepodobnosti prežitia. | ||
| 610 | 2 | 0 | |a rozdelenie pravdepodobnosti |
| 610 | 2 | 0 | |a riziko |
| 610 | 2 | 0 | |a modelovanie |
| 610 | 2 | 0 | |a dáta |
| 100 | 1 | |a Kozubík, Aleš | |